书目信息 |
| 题名: |
中医学基础
|
|
| 作者: | ;北京中医学院 主编 | |
| 分册: | ||
| 出版信息: | 上海 上海科学技术出版社 1978 |
|
| 页数: | 145页 | |
| 开本: | 26cm | |
| 丛书名: | ||
| 单 册: | ||
| 中图分类: | R22 | |
| 科图分类: | ||
| 主题词: | 中医医学基础--医学院校--教材 | |
| 电子资源: | ||
| ISBN: | ||
| 000 | 00651nam0 2200229 45 | |
| 001 | 0178000502 | |
| 005 | 20060815103642.10 | |
| 010 | @dCNY0.88 | |
| 091 | @a14119.1328 | |
| 100 | @a19950807d1978 em y0chiy0121 ea | |
| 101 | 0 | @achi |
| 102 | @aCN@b310000 | |
| 105 | @ay z 000yy | |
| 200 | 10 | @a中医学基础@Azhong yi xue ji chu@f北京中医学院主编 |
| 210 | @a上海@c上海科学技术出版社@d1978 | |
| 215 | @a145页@d26cm | |
| 300 | @a全国高等医药院校试用教材 中医专业用 | |
| 606 | @a中医医学基础@x医学院校@x教材 | |
| 690 | @aR22@v3 | |
| 711 | 02 | @a北京中医学院@Abei jing zhong yi xue yuan@4主编 |
| 801 | 0 | @aCN@bTSSF@c20060815 |
| 905 | @a10447@dR22@e161 | |
| 中医学基础/北京中医学院主编.-上海:上海科学技术出版社,1978 |
| 145页;26cm |
| 全国高等医药院校试用教材 中医专业用 |
| ISBN :CNY0.88 |
| ● |
| 相关链接 |
|
|
|
|
正题名:中医学基础
索取号:R22/161
 
预约/预借
| 序号 | 登录号 | 条形码 | 馆藏地/架位号 | 状态 | 备注 |
| 1 | 0458435 | 204584351 | 密集书库/ [索取号:R22/161] | 在馆 | |
| 2 | 0458436 | 204584360 | 密集书库/ [索取号:R22/161] | 在馆 |